000 00293nam a2200121Ia 4500
008 190216s9999||||xx |||||||||||||| ||und||
100 _aArthur C Benson
245 0 _aEnglish Men Of Letters -rossetti
260 _bS Chand & Co
_c1967
300 _a238
650 _aEnglish Essay
942 _cBK
999 _c12328
_d12328